Strategické správanie malých a stredných podnikov

Analýza strategického správania MSP pôsobiacich v Košickom kraji. Identifikácia preferencie strategického správania bola uskutočnená na základe typológie formulovanej Milesom a Snowom. MSP sa najčastejšie správajú ako obrancovia, naopak len sporadicky sa správajú ako analyzátori. Následne bol identi...

Full description

Saved in:
Bibliographic Details
Main Author: Hintošová, Aneta, 1979-
Other Authors: Rimarčík, Marián
Format: Book Chapter
Language:Slovak
Subjects:
Tags: Add Tag
No Tags, Be the first to tag this record!

MARC

LEADER 00000nla$a2200000$$$4500
001 0051029
005 20240502071606.4
041 0 |a slo 
044 |a SK 
245 1 0 |a Strategické správanie malých a stredných podnikov  |c Aneta Hintošová, Marián Rimarčík 
520 |a Analýza strategického správania MSP pôsobiacich v Košickom kraji. Identifikácia preferencie strategického správania bola uskutočnená na základe typológie formulovanej Milesom a Snowom. MSP sa najčastejšie správajú ako obrancovia, naopak len sporadicky sa správajú ako analyzátori. Následne bol identifikovaný štatisticky významný vzťah medzi strategickým správaním podniku a vnímaním dôležitosti inovácií ako možného zdroja konkurencieschopnosti. 
610 2 0 |a podnik malý 
610 2 0 |a podnik stredný 
610 2 0 |a správanie 
610 2 0 |a stratégia podniková 
610 2 0 |a inovácia 
610 2 0 |a konkurencieschopnosť 
610 2 0 |a kraje 
610 2 0 |a Slovensko 
100 1 |a Hintošová, Aneta, 1979- 
700 1 |a Rimarčík, Marián